[Event "Tashkent FIDE GP 2014"]
[Site "Tashkent UZB"]
[Date "2014.11.02"]
[Round "11.6"]
[White "Radjabov, Teimour"]
[Black "Gelfand, Boris"]
[Result "1/2-1/2"]
[WhiteTitle "GM"]
[BlackTitle "GM"]
[WhiteElo "2726"]
[BlackElo "2748"]
[WhiteFideId "13400924"]
[BlackFideId "2805677"]
[EventDate "2014.10.21"]

1. Nf3 c5 2. c4 Nc6 3. Nc3 Nf6 4. g3 d5 5. d4 cxd4 6. Nxd4 dxc4 7. Nxc6 Qxd1+
8. Nxd1 bxc6 9. Bg2 Nd5 {This line is "in general worse for black" but also
"kind of solid, it's not easy to break it." according to Radjabov.} 10. Ne3 e6
11. Nxc4 Ba6 12. Na5 (12. b3 {is another long well investigated theoretical
line.}) 12... Rc8 13. Bd2 Be7 14. Rc1 c5 15. b3 O-O 16. O-O Rfd8 17. Bf3 Bf6
18. a4 $146 {This is Radjabov's improvement over his game against Karjakin.
It's aimed at Nb4 which can lead to drawish positions. Radjabov called it a
"very hard position" and Gelfand spent quite some time here.} ({Relevant:} 18.
Rc2 Nb4 19. Bxb4 cxb4 20. Nc6 Bb5 21. Rfc1 Bxc6 22. Rxc6 Rxc6 23. Rxc6 a5 24.
Be4 Rd1+ 25. Kg2 g6 26. Rc5 Rd2 27. Rc2 Rxc2 28. Bxc2 Kf8 29. Bd3 Ke7 30. e3
Bc3 {1/2-1/2 (30) Radjabov,T (2726)-Karjakin,S (2767) Baku 2014}) 18... Nb6 {
This seems the most sensible move.} (18... Rd7 19. Rfd1 Rdc7 (19... g5 {
computer.}) 20. e4 $1 (20. Be1 c4 {Gelfand - looks equal.}) (20. Nc4 $5) 20...
Nb6 21. Bf4 Rd7 22. e5 Rxd1+ 23. Rxd1 Bd8) (18... g6 {may well be worth
looking at as the top line on the computer.}) 19. Be3 (19. Rc2 {was the move
that Radjabov thought most unpleasant when he looked at it at home.} c4 (19...
Rxd2 20. Rxd2 Bc3 21. Rfd1 Bxd2 (21... Bxa5 $2 22. Rd8+) 22. Rxd2 g6) 20. bxc4
(20. Nxc4 Bxc4 21. bxc4 Rxc4 22. Rxc4 Nxc4 23. Bf4 $11) 20... Nxc4 (20... Nxa4
{was the reason Radjabov turned Rc2 down but in fact this seems worse than
taking on c4.} 21. Be3 Nc5 (21... Rc7 22. Nc6 $1) 22. Nc6 Rd7) 21. Nxc4 Rxc4
22. Rxc4 Bxc4 23. Be3 {with some pressure but it's extremely hard to believe
in his winning chances against Gelfand.} Bb3 24. a5 a6 25. Bb7 Bc4 26. Bb6 Rb8
27. Bf3 Be5 28. Rc1 Bb5) 19... c4 (19... Nd5 20. Rxc5 (20. Bd2 Nb6) 20... Nxe3
21. Rxc8 Rxc8 22. fxe3 Rc3 23. b4 Ra3 24. Rc1 Rxa4 25. Rc6 (25. Rc7 g6 26. Rxa7
Bb5 27. Rb7 Rxb4 28. Nc6 Rb1+ 29. Kf2 Bd3 30. Ne7+ Bxe7 31. exd3 Rxb7 32. Bxb7)
25... Be7 26. Rxa6 Bxb4 27. Rxa7 Rxa5 28. Rxa5 Bxa5 $11) 20. Nxc4 (20. b4 Nxa4
21. Nc6 Rf8 22. Nxa7) 20... Bxc4 21. bxc4 Nxa4 22. Bxa7 (22. c5 Nc3 23. Kg2 g6
24. c6) 22... Rc7 23. Be3 Rdc8 24. c5 Nxc5 25. Bf4 e5 26. Be3 h6 27. Bg4 Ne6
28. Rb1 Re8 29. Rb6 Bg5 30. Bxe6 Rxe6 31. Rxe6 fxe6 32. Bxg5 hxg5 {These
broken pawn structures on one side of the board can be defended quite easily
in Rook and pawn endings.} 33. Rb1 Kf7 34. Rb4 Kf6 35. Kg2 Rc2 36. Kf3 Ra2 37.
h3 Kf5 38. e4+ Kg6 39. Rb8 Ra4 40. Rb2 Rc4 41. Re2 1/2-1/2